LEADER 00873nam a2200229 i 4500 001 000000112800 003 CaOOAMICUS 005 20260409142518.0 008 140910s1990 it u000 u ita u 013 $a85484 020 $a88-7026-969-8 040 $aSeMil$bita 245 10$a2: Introduzione generale e ai singoli vangeli ; Commento. 250 $a2. ed. corretta e ampliata. 300 $a558 p. 773 0 $aPoppi, Angelico <1928-2017>$tSinossi dei quattro Vangeli.$dPadova : Messaggero, 1992.$g2$w()1500 850 $aSeMil 852 $aSeMil$W1$xVenegono$y1$m2VV III 17$j269972$B68517$CSeMilBibl$Z2$F74402 $81 961 $aOmaggio: Scuola Cattolica 996 $6020$a88-7026-969-8$9(OLS)http://semarc/number/95475 996 $6245$a2: Introduzione generale e ai singoli vangeli ; Commento$9(OLS)http://semarc/title/459014